• 首页
  • 本馆介绍
  • 公告通知
  • 最新文献
  • 馆藏检索
  • 电子资源
  • 读者导购
  • 参考咨询
  • 我的图书馆
  • 登录
  • 详细信息显示
  • 放入我的书架
  • 预约/预借图书
  • 作者相关作品
  • 分类相关作品
  • 丛书相关作品
  • 出版社相关作品

书目信息

  • 表格格式
  • 工作单格式
  • 卡片格式
题名:
在华五十年
    
 
作者: 司徒雷登 , Stuart 著 ;程宗家 译
分册:  
出版信息: 北京   北京出版社  1982
页数: 301页
开本: 19cm
丛书名:
单 册:
中图分类: K260.66
科图分类:
主题词: 新民主主义革命--中国--现代--史料
电子资源:
ISBN:
000 00789nam0 2200265 45
001 0182000637
005 20060814093136.60
010    @dCNY0.80
091    @aCN@b11071.156
100    @a19950527d1982 em y0chiy0121 ea
101 1  @achi@ceng
102    @aCN@b110000
105    @ay z 000yy
200 10 @a在华五十年@Azai hua wu shi nian@e司徒雷登回忆录@f(美)司徒雷登(J.L.Stuart)著@g程宗家译
210    @a北京@c北京出版社@d1982
215    @a301页@d19cm
600  1 @a司徒雷登@x回忆录@y中国@z现代
606    @a新民主主义革命@y中国@z现代@x史料
690    @aK260.66@v3
701  1 @a司徒雷登@Asi tu lei deng@bJ.L.@4著
701 A1 @aStuart@bJ.L.@4著
702  0 @a程宗家@Acheng zong jia@4译
801  0 @aCN@bTSSF@c20060814
801  2 @aCN@bNLC@c20060805
905    @a10447@dK260.66@e93
    
    在华五十年:司徒雷登回忆录/(美)司徒雷登(J.L.Stuart)著/程宗家译.-北京:北京出版社,1982
    301页;19cm
    
    
    ISBN :CNY0.80
    
●
相关链接 在E读中查询图书 在五车中查询图书 在当当中查询图书 在豆瓣中查询图书


正题名:在华五十年     索取号:K260.66/93         预约/预借

序号 登录号 条形码 馆藏地/架位号 状态 备注
1 0443884   204438849   密集书库/ [索取号:K260.66/93] 在馆    
2 0444590   204445902   密集书库/ [索取号:K260.66/93] 在馆    
3 0444870   204448703   密集书库/ [索取号:K260.66/93] 在馆    
4 0462302   204623023   密集书库/ [索取号:K260.66/93] 在馆    
5 0462303   204623032   密集书库/ [索取号:K260.66/93] 在馆    
6 0462304   204623041   密集书库/ [索取号:K260.66/93] 在馆    
7 0462305   204623050   密集书库/ [索取号:K260.66/93] 在馆    
唐山师范学院图书馆 欢迎您!
大连网信软件有限公司© 版权所有